| 000 -LEADER |
| fixed length control field |
01372nam a22002057a 4500 |
| 003 - CONTROL NUMBER IDENTIFIER |
| control field |
OSt |
| 005 - DATE AND TIME OF LATEST TRANSACTION |
| control field |
20181102070814.0 |
| 008 - FIXED-LENGTH DATA ELEMENTS--GENERAL INFORMATION |
| fixed length control field |
180307b xxu||||| |||| 00| 0 spa d |
| 040 ## - CATALOGING SOURCE |
| Transcribing agency |
PJ |
| 100 ## - ASIENTO PRINCIPAL - NOMBRE DE PERSONA |
| 9 (RLIN) |
2225 |
| Personal name |
García Coni, Raúl R. |
| 245 10 - MENCIÓN DE TÍTULO |
| Título propiamente dicho |
Derechos registral aplicado / |
| Mención de responsabilidad, etc |
Raùl R. García Coni, Ángel A. Frontini; prólogo del Dr. Jorge H. Alterini. |
| 250 ## - EDITION STATEMENT |
| Edition statement |
2a. ed. |
| 260 ## - PUBLICATION, DISTRIBUTION, ETC. (IMPRINT) |
| Place of publication, distribution, etc |
Buenos Aires : |
| 300 ## - DESCRIPCION FISICA |
| Extent |
286 p. |
| Dimensions |
23 cm. |
| 504 ## - NOTA DE BIBLIOGRAFÍA, ETC. |
| Bibliography, etc |
Bibliografía:<br/>p. 277 - 286. |
| 505 ## - FORMATTED CONTENTS NOTE |
| Formatted contents note |
Contenido:<br/>Derecho registral inmobiliario -- Presupuestos del derecho registral -- Caracterización y relaciones del derecho registral inmobiliario -- Tipos de registros y sistemas registrales -- Trasmisión inmobiliaria en la legislación Argentina -- Los principios registrales en la doctrina y en el derecho positivo Argentino -- Concepto y clasificación de los principios registrales -- Principio de publicidad -- Principio de inscripción o matriculación -- Principio de consentimiento -- Principio de autenticidad -- Principio de rogación -- Principio de prioridad y rango -- Principio de tracto continuo -- Principio de especialidad o determinación -- Principio de legalidad -- Principio de legitimación -- Principio de fe pública registral. <br/> |
| 650 #0 - ASIENTO SECUNDARIO DE MATERIA - TERMINO TEMATICO |
| 9 (RLIN) |
352 |
| Topical term or geographic name as entry element |
DERECHO CIVIL |
| 650 #0 - ASIENTO SECUNDARIO DE MATERIA - TERMINO TEMATICO |
| 9 (RLIN) |
1821 |
| Topical term or geographic name as entry element |
DERECHOS REALES |
| 942 ## - ADDED ENTRY ELEMENTS (KOHA) |
| Source of classification or shelving scheme |
|
| Koha item type |
Libros |
| Classification part |
347.235 |
| Item part |
GAR |